00262nam a2200121Ia 4500008004100000100000900041245001500050260002200065300000900087650002000096942000700116999001700123190216s9999||||xx |||||||||||||| ||und|| aNull 0aSanthigiri bMoohim Publicaion a120p aMalayalam Novel cBK c26210d26210